| 000 | 00451nam a2200181 a 4500 | ||
|---|---|---|---|
| 001 | 749 | ||
| 003 | CO-ViMGA | ||
| 008 | 141112s2004 ck r 000 u spa d | ||
| 040 |
_aCO-ViMGA _bspa _cCO-ViMGA |
||
| 082 | 0 | 4 | _a959.7 M177 |
| 100 | 1 |
_aMasson, Andre _948617 |
|
| 245 | 1 | 0 | _aHistoria de vietnam |
| 260 |
_aBarcelona : _bOikos - tau, _c1972 |
||
| 300 | _a124 p | ||
| 490 | _aQue se?, 69 | ||
| 650 | 1 | 4 |
_aVIETNAM - HISTORIA _948618 |
| 942 |
_2ddc _cBK |
||
| 999 |
_c12986 _d12986 |
||